000 00312nam a22001337a 4500
999 _c259223
_d259222
003 OSt
005 20220919112054.0
008 220919b xxu||||| |||| 00| 0 eng d
040 _cN/A
100 _aE.A.Loftus
245 _aThomson:
_bThrough Masai Land
260 _aNairobi,Kenya
_bKLB
_c1983
942 _2lcc
_cBK